| 000 | 00868nam a2200265Ia 4500 | ||
|---|---|---|---|
| 003 | OSt | ||
| 005 | 20221005051119.0 | ||
| 006 | a|||||r|||| 00| 0 | ||
| 007 | ta | ||
| 008 | 221004b |||||||| |||| 00| 0 eng d | ||
| 020 |
_a9780128151525 (pbk) _cUSD 150.00 |
||
| 024 | _a68141 | ||
| 037 |
_b8749, 10/01/2020, Efficient Book Distributors _cTextual |
||
| 040 |
_aCRL _cCRL _beng |
||
| 041 |
_2eng _aeng |
||
| 082 | _aV41:19(F55), Q9 | ||
| 100 |
_aZhao Hongtu Au. _9595656 |
||
| 245 | 0 | _aEconomics and politics of China's energy security transition | |
| 260 |
_aLondon _bAcademic Press UK _c2019 |
||
| 300 |
_axx,374p. _ccm. |
||
| 650 | _aCHINA - HISTORY | ||
| 700 |
_a Zhang Li Tr. _9472807 |
||
| 942 |
_hV41:19(F55), Q9 _cTEXL _2cc |
||
| 999 |
_c958274 _d958274 |
||